000
00265nam a22001217a 4500
008
181105b xxu||||| |||| 00| 0 eng d
041
_a
eng
080
_a
510
100
_a
37
101
_a
MAT
245
_a
The Many Meaning Of Myth
_c
Day.M.S
942
_2
udc
_c
BK
999
_c
51777
_d
51777